Электрохимическое исследование амальгаммы марганца: автореферат диссертации на соискание ученой степени кандидата химических наук; спец. 074

Bibliografiske detaljer
Hovedforfatter: Ланге А. А.
Institution som forfatter: Академия наук Казахской ССР (АН КазССР) Институт химических наук
Andre forfattere: Козловский М. Т. (научный руководитель), Бухман С. П.
Summary:Защита сост. в июне 1968 г.
Sprog:russisk
Udgivet: Алма-Ата, [Б. и.], 1968
Fag:
Format: MixedMaterials Bog
KOHA link:https://koha.lib.tpu.ru/cgi-bin/koha/opac-detail.pl?biblionumber=340527

MARC

LEADER 00000nam0a2200000 4500
001 340527
005 20231102005241.0
035 |a (RuTPU)RU\TPU\book\367428 
090 |a 340527 
100 |a 20180402d1968 k y0rusy50 ca 
101 0 |a rus 
102 |a KZ 
105 |a a dm 001zy 
200 1 |a Электрохимическое исследование амальгаммы марганца  |e автореферат диссертации на соискание ученой степени кандидата химических наук  |e спец. 074  |f А. А. Ланге  |g Академия наук Казахской ССР (АН КазССР), Институт химических наук ; науч. рук. М. Т. Козловский , С. П. Бухман 
210 |a Алма-Ата  |c [Б. и.]  |d 1968 
215 |a 16 с.  |c ил. 
300 |a Защита сост. в июне 1968 г. 
320 |a Библиогр.: с. 15 (7 назв.) 
606 1 |a Амальгамная металлургия  |2 stltpush  |3 (RuTPU)RU\TPU\subj\21974  |9 46877 
610 1 |a амальгама марганца 
610 1 |a анодные поляризационные кривые 
610 1 |a электрохимические методы 
610 1 |a авторефераты диссертаций 
610 1 |a библиотека А. Г. Стромберга 
675 |a 669.79(04)  |v 4 
686 |a 074  |2 oksvnk 
700 1 |a Ланге  |b А. А. 
702 1 |a Козловский  |b М. Т.  |4 727 
702 1 |a Бухман  |b С. П.  |4 727 
712 0 2 |a Академия наук Казахской ССР (АН КазССР)  |b Институт химических наук  |2 stltpush  |3 (RuTPU)RU\TPU\col\11297 
801 1 |a RU  |b 63413507  |c 20180402 
801 2 |a RU  |b 63413507  |c 20180423  |g RCR 
942 |c BK